الإقتصاد الكلي / (رقم التسجيلة. 33428)
[ عرض عادي ]
| 000 -الفاتح | |
|---|---|
| حقل البيانات ثابتة الطول | 00835nam a22002297a 4500 |
| 003 - محدد رقم الضبط | |
| رقم الضبط | OSt |
| 005 - وقت وتاريخ اخر تعامل مع التسجيلة | |
| رقم الضبط | 20150408114206.0 |
| 008 - عناصر البيانات ثابتة الطول - معلومات عامة | |
| حقل البيانات ثابتة الطول | 140129s 2013jo ||||g b 00| 0 ara d |
| 020 ## - الرقم الدولى المعيارى للكتب | |
| الرقم الدولى المعيارى للكتاب | 9789957065430 |
| 040 ## - مصدر الفهرسة | |
| وكالة الفهرسة الأصلية | ma-un |
| 082 ## - رقم تصنيف ديوى العشرى | |
| رقم الطبعة | 21 |
| رقم التصنيف | 339 |
| رقم المادة | و م إ |
| 100 ## - المدخل الرئيسى - إسم شخصى | |
| الإسم الشخصى | الوادي، محمود حسن. |
| 245 ## - بيان العنوان | |
| العنوان | الإقتصاد الكلي / |
| بيان المسئوليه,etc | محمود حسين الوادي، أحمد عارف العساف، وليد أحمد صافي. |
| 250 ## - بيان الطبعة | |
| بيان الطبعة | ط. 3. |
| 260 ## - PUBLICATION, DISTRIBUTION, ETC. (IMPRINT) | |
| مكان الناشر او الموزع | عمان، الأردن : |
| اسم الناشر او الموزع | دار المسيرة، |
| تاريخ النشر أو التوزيع | 2013 |
| 300 ## - الوصف المادى | |
| التعداد | 318 ص. : |
| تفاصيل ماديه اخرى للوعاء | إيض. ؛ |
| أبعاد الوعاء | 24 سم. |
| 504 ## - تبصرة ببليوجرافية | |
| تبصرة ببليوجرافية,الخ | يشتمل علي إرجاعات ببليوجرافية. |
| 650 ## - المدخل الاضافى بالموضوع-مصطلح موضوعى | |
| مصطلح موضوعي أو اسم جغرافي كعنصر مدخل | الإقتصاد الكلي. |
| 9 (RLIN) | 15089 |
| 700 ## - المدخل الاضافى - اسم شخصى | |
| الإسم الشخصى | العساف، أحمد عارف |
| 9 (RLIN) | 9700 |
| 700 ## - المدخل الاضافى - اسم شخصى | |
| الإسم الشخصى | صافي، وليد أحمد |
| 9 (RLIN) | 42635 |
| 942 ## - عناصر المدخل الإضافي( كوها) | |
| مصدر التصنيف او مخطط الترفيف | Dewey Decimal Classification |
| Koha [default] item type | كتاب |
| حالة الفقد | نموذج السعر الفعال | حالة تلف | ليس للاعارة | رقم الطلب | تاريخ الاكتساب | الموقع الحالي | الباركود | الفرع الرئيسي | Date last seen | نوع المادة فى نظام كوها | مصدر التصنيف او خطة الترفيف | Total Checkouts | Date last checked out | Total Renewals |
|---|---|---|---|---|---|---|---|---|---|---|---|---|---|---|
| 2014-01-29 | 339 و م إ | 2014-01-29 | المكتبة المركزية بالمجمعة (CL) | 00121584 | المكتبة المركزية بالمجمعة (CL) | 2014-01-29 | كتاب | Dewey Decimal Classification | ||||||
| 2014-01-29 | 339 و م إ | 2014-01-29 | المكتبة المركزية بالمجمعة (CL) | 00121585 | المكتبة المركزية بالمجمعة (CL) | 2014-01-29 | كتاب | Dewey Decimal Classification | ||||||
| 2014-01-29 | 339 و م إ | 2014-01-29 | المكتبة المركزية بالمجمعة (CL) | 00121586 | المكتبة المركزية بالمجمعة (CL) | 2014-01-29 | كتاب | Dewey Decimal Classification | ||||||
| 2014-01-29 | 339 و م إ | 2014-01-29 | قسم الاجراءات الفنية (IC) | 00121895 | قسم الاجراءات الفنية (IC) | 2020-11-19 | كتاب | Dewey Decimal Classification | 1 | 2020-02-06 | ||||
| 2014-01-29 | 339 و م إ | 2014-01-29 | قسم الاجراءات الفنية (IC) | 00121896 | قسم الاجراءات الفنية (IC) | 2021-02-22 | كتاب | Dewey Decimal Classification | 2 | 2021-02-14 | 1 | |||
| 2014-01-29 | 339 و م إ | 2014-01-29 | مكتبة مجمع الكليات بالزلفى - طلاب (SZM) | 00121897 | مكتبة مجمع الكليات بالزلفى - طلاب (SZM) | 2018-09-12 | كتاب | Dewey Decimal Classification | ||||||
| 2014-01-29 | 339 و م إ | 2014-01-29 | مكتبة مجمع الكليات بالزلفى - طلاب (SZM) | 00121898 | مكتبة مجمع الكليات بالزلفى - طلاب (SZM) | 2014-01-29 | كتاب | Dewey Decimal Classification |
